| 000 | 00755nam a22002411a 4500 | ||
|---|---|---|---|
| 008 | |||
| 049 | _aMAIN | ||
| 090 |
_aTD380 _bRAI |
||
| 100 | 1 | _aRainwater, F.H. | |
| 245 | 1 | 0 |
_aMethods for collection and analysis of water samples / _cby F.H. Rainwater and L.L. Thatcher. |
| 260 |
_aWashington : _bU.S. G.P.O. , _c1960. |
||
| 300 |
_aix, 301 p. : _bill. ; _c24 cm. |
||
| 440 | 0 |
_aGeological Survey water-supply paper ; _vno1454. |
|
| 504 | _aIncludes bibliographical references. | ||
| 500 | _aIncludes index. | ||
| 650 | 0 |
_aWater _xAnalysis. |
|
| 700 | 1 | _aThatcher, L.L. | |
| 907 |
_a.b10016983 _b13-09-12 _c17-04-03 |
||
| 003 | |||
| 005 | 20230123134040.0 | ||
| 040 | _cNUST | ||
| 942 |
_cBOOKS _kTD380 _mRAI |
||
| 999 |
_c159122 _d159122 |
||